000 00479nam a2200193Ia 4500
005 20250923144726.0
008 008 250917s9999 xx 000 0 eng d
037 _aTextual
040 _aDSWL
_beng
_cDSWL
041 _aeng
_2eng
084 _qDSWL
245 0 _aProvincial services Hyderabad State
260 _aCalcutta
_bSupt. of Govt. Printing
_c1909
300 _axvi,202p.
365 _aINR
_b20
925 _g20
942 _cTEXL
999 _c1442551
_d1442551